Welcome to the Holygrace Academy Library

Please use search bar below to get started

COMPLETE GREAT WORKS OF KAHLIL GIBRAN (Record no. 3557)

MARC details
000 -LEADER
fixed length control field 00314nam a22001337a 4500
082 ## - DEWEY DECIMAL CLASSIFICATION NUMBER
Classification number 823
Item number GIB/C
100 ## - MAIN ENTRY--AUTHOR NAME
Personal name GIBRAN,KAHIL
245 ## - TITLE STATEMENT
Title COMPLETE GREAT WORKS OF KAHLIL GIBRAN
250 ## - EDITION STATEMENT
Edition statement FIRST
260 ## - PUBLICATION, DISTRIBUTION, ETC. (IMPRINT)
Place of publication NEW DELHI
Name of publisher SHRIJEE'S BOOK INTERNATIONAL
300 ## - PHYSICAL DESCRIPTION
Number of Pages 800
650 ## - SUBJECT ADDED ENTRY--TOPICAL TERM
Topical Term NOVELS
Geographic subdivision NEW DELHI
942 ## - ADDED ENTRY ELEMENTS (KOHA)
Koha item type Books
Holdings
Withdrawn status Lost status Collection code Home library Current library Shelving location Date acquired Full call number Accession Number Koha item type
    Fiction Main Library Main Library SHELF 16-A- ENGLISH LITERATURE COLLECTION OF WORKS 24/05/2004 823 GIB/C 00209 Books